Uribe Uribe (1859-1914) Apartes selectos de su obra : (Registro nro. 30428)

Detalles MARC
000 -LEADER
fixed length control field 00954nam a2200241Ia 4500
003 - CONTROL NUMBER IDENTIFIER
control field CO-CtgCURN
005 - DATE AND TIME OF LATEST TRANSACTION
control field 20250409233712.0
008 - FIXED-LENGTH DATA ELEMENTS--GENERAL INFORMATION
fixed length control field 190726s2011 xx g 000 0 spa d
020 ## - INTERNATIONAL STANDARD BOOK NUMBER
International Standard Book Number 9789588534381
040 ## - CATALOGING SOURCE
Original cataloging agency CO-CtgCURN
Language of cataloging spa
Transcribing agency coctgcurn
082 ## - DEWEY DECIMAL CLASSIFICATION NUMBER
Classification number 923.5
Item number U76
245 #0 - TITLE STATEMENT
Title Uribe Uribe (1859-1914) Apartes selectos de su obra :
Remainder of title analectas de críticos y biógrafos /
Statement of responsibility, etc. comp., Julio Roberto Galindo Hoyos
260 ## - PUBLICATION, DISTRIBUTION, ETC.
Place of publication, distribution, etc. Bogotá, Colombia :
Name of publisher, distributor, etc. Universidad Libre,
Date of publication, distribution, etc. 2011
300 ## - PHYSICAL DESCRIPTION
Extent 444 páginas ;
Dimensions 28 centímetros
521 ## - TARGET AUDIENCE NOTE
Target audience note AREA BASICA
590 ## - LOCAL NOTE (RLIN)
Local note Todos los programas acádemicos
600 ## - SUBJECT ADDED ENTRY--PERSONAL NAME
Personal name Uribe Uribe, Rafael
Dates associated with a name 1859-1914
9 (RLIN) 1508
650 ## - SUBJECT ADDED ENTRY--TOPICAL TERM
Topical term or geographic name entry element Estadista
Chronological subdivision Siglo XIX-XX
Geographic subdivision Colombia
9 (RLIN) 1509
650 ## - SUBJECT ADDED ENTRY--TOPICAL TERM
Topical term or geographic name entry element Guerra de los Mil Días
Chronological subdivision 1899-1903
Geographic subdivision Colombia
9 (RLIN) 1510
700 ## - ADDED ENTRY--PERSONAL NAME
Personal name Galindo Hoyos, Julio Roberto
Relator term compilador
9 (RLIN) 1511
942 ## - ADDED ENTRY ELEMENTS (KOHA)
Koha item type Libros
Classification part 923.5
Item part U76
Source of classification or shelving scheme Dewey Decimal Classification
Suppress in OPAC No
Existencias
Withdrawn status Lost status Source of classification or shelving scheme Damaged status Not for loan Collection Home library Current library Shelving location Date acquired Inventory number Total checkouts Full call number Barcode Date last seen Copy number Price effective from Koha item type
    Dewey Decimal Classification       Miguel Henríquez Castañeda Barranquilla Miguel Henríquez Castañeda Barranquilla General 05/23/2018 03634   923.5 U76 03634 07/26/2019 ej.1 07/26/2019 Libros